Who Did That Pop Album #3 - Statistics

General Stats
  • This quiz has been taken 3 times
  • The average score is 4 of 20
Answer Stats
Year Album Musical Act % Correct
2017 ÷ Ed Sheeran
100%
2012 Halcyon Ellie Goulding
67%
2021 Sour Olivia Rodrigo
67%
2025 Lux Rosalía
67%
2000 Not That Kind Anastacia
33%
2015 Confident Demi Lovato
33%
2016 Lady Wood Tove Lo
33%
2003 Ladies Night Atomic Kitten
0%
2020 Heaven & Hell Ava Max
0%
2018 Expectations Bebe Rexha
0%
2008 Out of Control Girls Aloud
0%
1991 Into the Light Gloria Estefan
0%
2011 Who You Are Jessie J
0%
2002 Together Lulu
0%
1997 Left of the Middle Natalie Imbruglia
0%
2006 Loose Nelly Furtado
0%
2023 You & I Rita Ora
0%
2001 Read My Lips Sophie Ellis-Bextor
0%
2005 Face to Face Westlife
0%
2024 Venus Zara Larsson
0%
No matching quizzes found
Score Distribution
Percent of People with Each Score
Percentile by Number Answered
Your Score History
You have not taken this quiz